| 000 | 01883nam0a2200361 4500 | ||
|---|---|---|---|
| 001 | RU\NLR\BIBL_A\022644014 | ||
| 005 | 20251218124936.0 | ||
| 010 |
_a978-5-6052086-7-9 _921 |
||
| 021 |
_aRU _bКН-П-25-051073 _9КН-П-25-4940 |
||
| 035 | _a(NLR Aleph) 022644014 | ||
| 090 |
_a13506798 _c13506798 |
||
| 100 | _a20251015d2025 u y0rusy50 ca | ||
| 101 | 0 |
_arus _aeng |
|
| 102 | _aRU | ||
| 105 | _aa z 000zy | ||
| 181 | 0 |
_ai3 _baxxe |
|
| 182 | 0 | _an | |
| 200 | 1 |
_aЛингвистические средства манипулятивного воздействия военно-политического дискурса _eмонография _fА.А. Глибина, Е.С. Исакова _g[Росгвардия], Новосибирский военный ордена Жукова институт имени генерала армии И.К. Яковлева войск национальной гвардии Российской Федерации, Кафедра иностранных языков |
|
| 203 |
_aТекст _bвизуальный _cнепосредственный |
||
| 210 |
_aНовосибирск _cНВИ войск национальной гвардии _d2025 |
||
| 215 |
_a83 с. _cил. _d20 |
||
| 300 | _aЧасть текста на англ. яз. | ||
| 320 | _aБиблиогр.: с. 80-83 | ||
| 606 | 1 |
_aАнглийский язык _xДискурс политический _2nlr_sh2 _3RU\NLR\AUTH\6601630807 |
|
| 606 | 1 |
_aДискурс профессиональный _2nlr_sh2 _3RU\NLR\AUTH\661528740 |
|
| 686 | 1 | _aШ143.21-70 | |
| 686 | 1 | _aШ100.0 | |
| 700 | 1 |
_aГлибина _bА. А. _gАнна Алексеевна |
|
| 701 | 1 |
_aИсакова _bЕ. С. _gЕлизавета Сергеевна |
|
| 942 | _cBOOK | ||
| 980 | _aNB | ||